000
00305nam a22001337a 4500
003
SGT
082
_a
297.2720954,ALA
100
_a
ALAM,MUZAFFAR
245
_a
THE LANGUAGES OF POLITICAL ISLAM
260
_a
NEW DELHI
_b
PERMANENT PUBLICATION
_c
2005
300
_a
244
650
_a
RELIGION
942
_2
ddc
_c
BK
999
_c
9688
_d
9688